[Event "Rapid Tournament (RAP)"]
[Site "Biel, CH"]
[Date "2025.07.13"]
[Round "9"]
[White "Hajduk, Tomasz"]
[Black "Lipecki, Alexander"]
[Result "0-1"]
[Board "12"]
[WhiteFideId "21811415"]
[BlackFideId "1303511"]
[WhiteElo "1830"]
[BlackElo "2126"]
[WhiteTeam "POL"]
[BlackTeam "SUI"]
[WhiteClock "0:00:11"]
[BlackClock "0:04:44"]
[Variant "Standard"]

1. e4 {[%clk 0:15:08]}  e6 {[%clk 0:15:08]} 2. d4 {[%clk 0:15:11]}  d5 {[%clk 0:15:11]} 3. exd5 {[%clk 0:15:12]}  exd5 {[%clk 0:15:13]} 4. Bd3 {[%clk 0:15:14]}  Nf6 {[%clk 0:15:12]} 5. Ne2 {[%clk 0:15:03]}  Bd6 {[%clk 0:15:07]} 6. Bf4 {[%clk 0:15:05]}  Bg4 {[%clk 0:14:11]} 7. f3 {[%clk 0:15:04]}  Bh5 {[%clk 0:14:13]} 8. O-O {[%clk 0:15:06]}  Bg6 {[%clk 0:14:09]} 9. Re1 {[%clk 0:14:58]}  O-O {[%clk 0:13:59]} 10. Bxd6 {[%clk 0:14:58]}  Qxd6 {[%clk 0:14:01]} 11. Ng3 {[%clk 0:15:00]}  Nc6 {[%clk 0:13:45]} 12. c3 {[%clk 0:15:00]}  Rfe8 {[%clk 0:13:31]} 13. Bxg6 {[%clk 0:14:49]}  hxg6 {[%clk 0:13:30]} 14. Nd2 {[%clk 0:14:50]}  Qf4 {[%clk 0:12:56]} 15. Ndf1 {[%clk 0:13:52]}  Rxe1 {[%clk 0:12:42]} 16. Qxe1 {[%clk 0:14:08]}  Re8 {[%clk 0:12:43]} 17. Qf2 {[%clk 0:14:03]}  g5 {[%clk 0:12:28]} 18. Re1 {[%clk 0:13:19]}  Rxe1 {[%clk 0:12:11]} 19. Qxe1 {[%clk 0:13:22]}  g4 {[%clk 0:07:25]} 20. Ne2 {[%clk 0:08:19]}  Qf5 {[%clk 0:12:02]} 21. Ne3 {[%clk 0:07:17]}  Qe6 {[%clk 0:12:00]} 22. Nf4 {[%clk 0:06:34]}  Qd6 {[%clk 0:11:21]} 23. Nd3 {[%clk 0:04:33]}  gxf3 {[%clk 0:11:06]} 24. gxf3 {[%clk 0:04:37]}  Nd7 {[%clk 0:10:38]} 25. Qg3 {[%clk 0:03:46]}  Qxg3+ {[%clk 0:10:15]} 26. hxg3 {[%clk 0:03:48]}  Ne7 {[%clk 0:08:48]} 27. Kf2 {[%clk 0:02:28]}  c6 {[%clk 0:09:45]} 28. g4 {[%clk 0:01:51]}  f6 {[%clk 0:09:44]} 29. Kg3 {[%clk 0:01:44]}  Kf7 {[%clk 0:09:39]} 30. f4 {[%clk 0:01:35]}  Ke6 {[%clk 0:09:35]} 31. f5+ {[%clk 0:01:33]}  Kf7 {[%clk 0:09:19]} 32. Nf4 {[%clk 0:01:36]}  Nf8 {[%clk 0:09:13]} 33. Nd3 {[%clk 0:01:09]}  Nc8 {[%clk 0:08:48]} 34. Ng2 {[%clk 0:00:39]}  Nd6 {[%clk 0:09:12]} 35. b3 {[%clk 0:00:28]}  Ne4+ {[%clk 0:09:02]} 36. Kf3 {[%clk 0:00:25]}  Nxc3 {[%clk 0:09:05]} 37. a4 {[%clk 0:00:25]}  Nd7 {[%clk 0:08:38]} 38. Ngf4 {[%clk 0:00:24]}  Ne4 {[%clk 0:08:09]} 39. Ne6 {[%clk 0:00:14]}  Nd6 {[%clk 0:08:10]} 40. Ndc5 {[%clk 0:00:15]}  Nxc5 {[%clk 0:07:43]} 41. dxc5 {[%clk 0:00:19]}  Ne4 {[%clk 0:07:17]} 42. Nd8+ {[%clk 0:00:22]}  Ke7 {[%clk 0:07:19]} 43. Nxb7 {[%clk 0:00:18]}  Nd2+ {[%clk 0:07:20]} 44. Kf4 {[%clk 0:00:22]}  Nxb3 {[%clk 0:07:20]} 45. g5 {[%clk 0:00:09]}  Kd7 {[%clk 0:07:03]} 46. Nd6 {[%clk 0:00:06]}  Nxc5 {[%clk 0:07:00]} 47. Nf7 {[%clk 0:00:09]}  Ne4 {[%clk 0:06:57]} 48. g6 {[%clk 0:00:12]}  c5 {[%clk 0:06:52]} 49. Nh6 {[%clk 0:00:13]}  Nd6 {[%clk 0:06:46]} 50. Ng4 {[%clk 0:00:15]}  Ne8 {[%clk 0:06:47]} 51. Ne3 {[%clk 0:00:18]}  Kd6 {[%clk 0:06:50]} 52. Nc2 {[%clk 0:00:19]}  a6 {[%clk 0:06:42]} 53. Ne3 {[%clk 0:00:20]}  c4 {[%clk 0:06:42]} 54. Nc2 {[%clk 0:00:23]}  Kc5 {[%clk 0:06:45]} 55. Ke3 {[%clk 0:00:26]}  a5 {[%clk 0:06:15]} 56. Nd4 {[%clk 0:00:28]}  Kb4 {[%clk 0:06:18]} 57. Ne6 {[%clk 0:00:25]}  Kxa4 {[%clk 0:06:06]} 58. Kd4 {[%clk 0:00:29]}  Kb3 {[%clk 0:06:08]} 59. Kxd5 {[%clk 0:00:23]}  c3 {[%clk 0:06:05]} 60. Nc5+ {[%clk 0:00:30]}  Ka3 {[%clk 0:04:59]} 61. Kc4 {[%clk 0:00:08]}  c2 {[%clk 0:04:55]} 62. Nd3 {[%clk 0:00:10]}  Ka2 {[%clk 0:04:55]} 63. Kb5 {[%clk 0:00:08]}  Nd6+ {[%clk 0:04:44]} 64. Kxa5 {[%clk 0:00:10]}  Nxf5 {[%clk 0:04:48]} 65. Kb5 {[%clk 0:00:06]}  Kb3 {[%clk 0:04:35]} 66. Nc1+ {[%clk 0:00:08]}  Kb2 {[%clk 0:04:36]} 67. Nd3+ {[%clk 0:00:09]}  Kc3 {[%clk 0:04:40]} 68. Nc1 {[%clk 0:00:11]}  Ne7 {[%clk 0:04:44]} 0-1

[Event "Rapid Tournament (RAP)"]
[Site "Biel, CH"]
[Date "2025.07.13"]
[Round "9"]
[White "Ding, Shirui"]
[Black "Mikavica, Mirko"]
[Result "1-0"]
[Board "13"]
[WhiteFideId "8618445"]
[BlackFideId "908657"]
[WhiteElo "1829"]
[BlackElo "2115"]
[WhiteTeam "CHN"]
[BlackTeam "SUI"]
[WhiteClock "0:00:08"]
[BlackClock "0:00:09"]
[Variant "Standard"]

1. d4 {[%clk 0:15:08]}  d5 {[%clk 0:15:09]} 2. c4 {[%clk 0:15:11]}  e6 {[%clk 0:15:13]} 3. Nf3 {[%clk 0:15:14]}  Nf6 {[%clk 0:15:18]} 4. Nc3 {[%clk 0:15:17]}  a6 {[%clk 0:15:22]} 5. e3 {[%clk 0:15:03]}  dxc4 {[%clk 0:15:25]} 6. Bxc4 {[%clk 0:15:06]}  b5 {[%clk 0:15:30]} 7. Bd3 {[%clk 0:15:06]}  Bb7 {[%clk 0:15:35]} 8. O-O {[%clk 0:14:52]}  Nbd7 {[%clk 0:15:39]} 9. Re1 {[%clk 0:14:52]}  c5 {[%clk 0:15:37]} 10. e4 {[%clk 0:13:22]}  cxd4 {[%clk 0:15:38]} 11. Nxd4 {[%clk 0:12:43]}  Be7 {[%clk 0:13:05]} 12. e5 {[%clk 0:11:16]}  Nd5 {[%clk 0:14:21]} 13. Qg4 {[%clk 0:10:36]}  g6 {[%clk 0:11:57]} 14. Bh6 {[%clk 0:08:17]}  Qb6 {[%clk 0:11:39]} 15. Nf3 {[%clk 0:05:54]}  Nc5 {[%clk 0:10:47]} 16. Bc2 {[%clk 0:05:54]}  Nxc3 {[%clk 0:10:06]} 17. bxc3 {[%clk 0:05:56]}  O-O-O {[%clk 0:09:25]} 18. Qf4 {[%clk 0:04:28]}  Nd3 {[%clk 0:05:41]} 19. Bxd3 {[%clk 0:04:26]}  Rxd3 {[%clk 0:05:44]} 20. Qxf7 {[%clk 0:01:44]}  Bc5 {[%clk 0:03:52]} 21. Nd4 {[%clk 0:03:42]}  Bxd4 {[%clk 0:03:28]} 22. cxd4 {[%clk 0:03:42]}  Kb8 {[%clk 0:03:25]} 23. Be3 {[%clk 0:03:20]}  Qc6 {[%clk 0:03:08]} 24. f3 {[%clk 0:03:20]}  b4 {[%clk 0:02:53]} 25. Rac1 {[%clk 0:02:57]}  Rc3 {[%clk 0:02:53]} 26. Bd2 {[%clk 0:02:12]}  Rc4 {[%clk 0:01:59]} 27. Qe7 {[%clk 0:01:51]}  a5 {[%clk 0:01:51]} 28. Be3 {[%clk 0:01:47]}  Rc8 {[%clk 0:01:27]} 29. Qxh7 {[%clk 0:01:30]}  a4 {[%clk 0:00:29]} 30. Qxg6 {[%clk 0:00:58]}  b3 {[%clk 0:00:57]} 31. axb3 {[%clk 0:00:29]}  axb3 {[%clk 0:01:02]} 32. Rb1 {[%clk 0:00:19]}  Rb4 {[%clk 0:00:40]} 33. Qd3 {[%clk 0:00:13]}  Ba6 {[%clk 0:00:38]} 34. Qd2 {[%clk 0:00:14]}  Qb5 {[%clk 0:00:26]} 35. Rb2 {[%clk 0:00:16]}  Qa4 {[%clk 0:00:14]} 36. Qd1 {[%clk 0:00:10]}  Bc4 {[%clk 0:00:12]} 37. Bd2 {[%clk 0:00:08]}  Rb5 {[%clk 0:00:11]} 38. Be3 {[%clk 0:00:12]}  Bd5 {[%clk 0:00:07]} 39. Qd2 {[%clk 0:00:12]}  Rb4 {[%clk 0:00:09]} 40. Rd1 {[%clk 0:00:14]}  Rbc4 {[%clk 0:00:13]} 41. Rdb1 {[%clk 0:00:13]}  Rc3 {[%clk 0:00:10]} 42. Qe1 {[%clk 0:00:11]}  R8c7 {[%clk 0:00:06]} 43. Bd2 {[%clk 0:00:12]}  R3c6 {[%clk 0:00:09]} 44. Be3 {[%clk 0:00:11]}  Kc8 {[%clk 0:00:11]} 45. Qh4 {[%clk 0:00:08]}  Rc2 {[%clk 0:00:09]} 46. Qe1 {[%clk 0:00:07]}  Kd7 {[%clk 0:00:07]} 47. Bf2 {[%clk 0:00:07]}  Qa3 {[%clk 0:00:09]} 48. Rxc2 {[%clk 0:00:07]}  bxc2 {[%clk 0:00:11]} 49. Rc1 {[%clk 0:00:10]}  Qb2 {[%clk 0:00:12]} 50. Be3 {[%clk 0:00:13]}  Rc3 {[%clk 0:00:11]} 51. Qd2 {[%clk 0:00:09]}  Bc4 {[%clk 0:00:08]} 52. h4 {[%clk 0:00:11]}  Bd3 {[%clk 0:00:10]} 53. h5 {[%clk 0:00:13]}  Bh7 {[%clk 0:00:13]} 54. g4 {[%clk 0:00:13]}  Rd3 {[%clk 0:00:17]} 55. Qe2 {[%clk 0:00:09]}  Rc3 {[%clk 0:00:16]} 56. g5 {[%clk 0:00:10]}  Bf5 {[%clk 0:00:20]} 57. g6 {[%clk 0:00:11]}  Rc8 {[%clk 0:00:19]} 58. Qd2 {[%clk 0:00:11]}  Qb7 {[%clk 0:00:14]} 59. Kf2 {[%clk 0:00:12]}  Rf8 {[%clk 0:00:14]} 60. g7 {[%clk 0:00:11]}  Rc8 {[%clk 0:00:13]} 61. h6 {[%clk 0:00:11]}  Bh7 {[%clk 0:00:17]} 62. Bg5 {[%clk 0:00:09]}  Qb5 {[%clk 0:00:14]} 63. Qf4 {[%clk 0:00:11]}  Kc6 {[%clk 0:00:08]} 64. Qf7 {[%clk 0:00:08]}  Qd5 {[%clk 0:00:09]} 65. Qa7 {[%clk 0:00:08]} 1-0

[Event "Rapid Tournament (RAP)"]
[Site "Biel, CH"]
[Date "2025.07.13"]
[Round "9"]
[White "He, Junchen"]
[Black "Menzi, Jonas"]
[Result "0-1"]
[Board "14"]
[WhiteFideId "8642427"]
[BlackFideId "1345133"]
[WhiteElo "2007"]
[BlackElo "2097"]
[WhiteTeam "CHN"]
[BlackTeam "SUI"]
[WhiteClock "0:00:13"]
[BlackClock "0:00:20"]
[Variant "Standard"]

1. c4 {[%clk 0:15:08]}  e6 {[%clk 0:15:05]} 2. Nf3 {[%clk 0:15:09]}  d5 {[%clk 0:15:08]} 3. g3 {[%clk 0:15:13]}  Nf6 {[%clk 0:15:09]} 4. Bg2 {[%clk 0:15:16]}  dxc4 {[%clk 0:14:49]} 5. Qa4+ {[%clk 0:15:19]}  Bd7 {[%clk 0:14:42]} 6. Qxc4 {[%clk 0:15:22]}  c5 {[%clk 0:14:46]} 7. Qc2 {[%clk 0:14:59]}  Bc6 {[%clk 0:14:31]} 8. O-O {[%clk 0:14:59]}  Be7 {[%clk 0:14:30]} 9. d3 {[%clk 0:14:30]}  O-O {[%clk 0:14:02]} 10. Nc3 {[%clk 0:14:21]}  Nbd7 {[%clk 0:12:33]} 11. Bf4 {[%clk 0:13:59]}  Rc8 {[%clk 0:12:29]} 12. Rfc1 {[%clk 0:13:33]}  Nd5 {[%clk 0:11:04]} 13. Bd2 {[%clk 0:13:05]}  Nxc3 {[%clk 0:09:46]} 14. Bxc3 {[%clk 0:13:08]}  Nf6 {[%clk 0:09:40]} 15. a3 {[%clk 0:11:02]}  b6 {[%clk 0:08:38]} 16. Bd2 {[%clk 0:11:09]}  Qc7 {[%clk 0:08:06]} 17. Ne1 {[%clk 0:10:21]}  Bxg2 {[%clk 0:08:01]} 18. Nxg2 {[%clk 0:10:25]}  Qd7 {[%clk 0:07:26]} 19. Ne3 {[%clk 0:09:37]}  Rfd8 {[%clk 0:07:18]} 20. a4 {[%clk 0:09:08]}  Nd5 {[%clk 0:04:28]} 21. Qb3 {[%clk 0:08:37]}  Bf8 {[%clk 0:03:54]} 22. Qb5 {[%clk 0:07:50]}  Qb7 {[%clk 0:03:10]} 23. Qb3 {[%clk 0:07:13]}  Ne7 {[%clk 0:03:00]} 24. Rc4 {[%clk 0:06:23]}  Nc6 {[%clk 0:02:55]} 25. Nc2 {[%clk 0:05:32]}  Ne5 {[%clk 0:02:16]} 26. Bc3 {[%clk 0:05:01]}  Nxc4 {[%clk 0:02:19]} 27. Qxc4 {[%clk 0:05:05]}  Qd5 {[%clk 0:02:19]} 28. Ne3 {[%clk 0:05:07]}  Qxc4 {[%clk 0:02:22]} 29. Nxc4 {[%clk 0:05:02]}  g6 {[%clk 0:02:07]} 30. Bf6 {[%clk 0:05:01]}  Rd5 {[%clk 0:01:50]} 31. Bc3 {[%clk 0:04:20]}  Bg7 {[%clk 0:01:53]} 32. Kg2 {[%clk 0:04:24]}  Bd4 {[%clk 0:01:10]} 33. g4 {[%clk 0:03:42]}  Rb8 {[%clk 0:00:54]} 34. Kf3 {[%clk 0:03:27]}  h6 {[%clk 0:00:41]} 35. h4 {[%clk 0:02:53]}  Rdd8 {[%clk 0:00:33]} 36. Ke4 {[%clk 0:02:45]}  Bxf2 {[%clk 0:00:17]} 37. Be5 {[%clk 0:02:48]}  Rb7 {[%clk 0:00:08]} 38. Bf6 {[%clk 0:02:50]}  Rf8 {[%clk 0:00:08]} 39. e3 {[%clk 0:01:56]}  Bg3 {[%clk 0:00:12]} 40. h5 {[%clk 0:01:20]}  g5 {[%clk 0:00:16]} 41. Rf1 {[%clk 0:01:18]}  Bc7 {[%clk 0:00:19]} 42. Bc3 {[%clk 0:01:11]}  Bd8 {[%clk 0:00:09]} 43. Nd6 {[%clk 0:00:47]}  Rd7 {[%clk 0:00:08]} 44. Nc4 {[%clk 0:00:50]}  Re7 {[%clk 0:00:09]} 45. Ne5 {[%clk 0:00:50]}  Bc7 {[%clk 0:00:07]} 46. Nc6 {[%clk 0:00:50]}  f5+ {[%clk 0:00:11]} 47. gxf5 {[%clk 0:00:47]}  exf5+ {[%clk 0:00:14]} 48. Kd5 {[%clk 0:00:51]}  Rxe3 {[%clk 0:00:12]} 49. Kc4 {[%clk 0:00:36]}  f4 {[%clk 0:00:16]} 50. Bd2 {[%clk 0:00:36]}  Re2 {[%clk 0:00:20]} 51. Bc3 {[%clk 0:00:39]}  f3 {[%clk 0:00:18]} 52. d4 {[%clk 0:00:33]}  g4 {[%clk 0:00:12]} 53. d5 {[%clk 0:00:22]}  g3 {[%clk 0:00:15]} 54. Rh1 {[%clk 0:00:23]}  g2 {[%clk 0:00:17]} 55. Rg1 {[%clk 0:00:23]}  Bh2 {[%clk 0:00:14]} 56. d6 {[%clk 0:00:15]}  Bxg1 {[%clk 0:00:16]} 57. Ne7+ {[%clk 0:00:09]}  Rxe7 {[%clk 0:00:16]} 58. dxe7 {[%clk 0:00:13]}  Re8 {[%clk 0:00:20]} 0-1

[Event "Rapid Tournament (RAP)"]
[Site "Biel, CH"]
[Date "2025.07.13"]
[Round "9"]
[White "Degtiarev, Evgeny"]
[Black "Chen, Zhi"]
[Result "0-1"]
[Board "15"]
[WhiteFideId "4149610"]
[BlackFideId "8619549"]
[WhiteTitle "IM"]
[WhiteElo "2331"]
[BlackElo "2027"]
[WhiteTeam "GER"]
[BlackTeam "CHN"]
[WhiteClock "0:00:30"]
[BlackClock "0:07:42"]
[Variant "Standard"]

1. d4 {[%clk 0:15:09]}  d5 {[%clk 0:15:02]} 2. c4 {[%clk 0:15:01]}  e6 {[%clk 0:14:57]} 3. Nf3 {[%clk 0:15:02]}  Nf6 {[%clk 0:14:51]} 4. g3 {[%clk 0:15:04]}  Bb4+ {[%clk 0:14:40]} 5. Bd2 {[%clk 0:15:08]}  Be7 {[%clk 0:14:43]} 6. Bg2 {[%clk 0:15:11]}  c6 {[%clk 0:14:46]} 7. O-O {[%clk 0:15:13]}  O-O {[%clk 0:14:49]} 8. a4 {[%clk 0:14:54]}  a5 {[%clk 0:14:13]} 9. Na3 {[%clk 0:14:54]}  Ne4 {[%clk 0:14:02]} 10. Bc1 {[%clk 0:14:22]}  Nd7 {[%clk 0:12:47]} 11. b3 {[%clk 0:14:09]}  b6 {[%clk 0:12:45]} 12. Bb2 {[%clk 0:14:07]}  Bb7 {[%clk 0:12:11]} 13. Rc1 {[%clk 0:13:24]}  Rc8 {[%clk 0:11:47]} 14. Nd2 {[%clk 0:12:28]}  Nxd2 {[%clk 0:12:09]} 15. Qxd2 {[%clk 0:12:38]}  Nf6 {[%clk 0:11:35]} 16. Rfd1 {[%clk 0:12:23]}  Qd7 {[%clk 0:07:44]} 17. Qe1 {[%clk 0:12:06]}  Rfd8 {[%clk 0:06:11]} 18. c5 {[%clk 0:09:16]}  Qc7 {[%clk 0:05:37]} 19. f4 {[%clk 0:08:55]}  Ba6 {[%clk 0:05:04]} 20. e3 {[%clk 0:03:57]}  Qa7 {[%clk 0:03:21]} 21. Bh3 {[%clk 0:02:05]}  bxc5 {[%clk 0:02:59]} 22. Qxa5 {[%clk 0:01:46]}  cxd4 {[%clk 0:09:54]} 23. exd4 {[%clk 0:02:04]}  Qb7 {[%clk 0:09:34]} 24. Qc3 {[%clk 0:01:33]}  c5 {[%clk 0:09:15]} 25. f5 {[%clk 0:01:25]}  Ne4 {[%clk 0:09:10]} 26. Qf3 {[%clk 0:01:21]}  Ng5 {[%clk 0:09:06]} 27. Qg4 {[%clk 0:01:19]}  Qxb3 {[%clk 0:08:57]} 28. Rc2 {[%clk 0:00:06]}  Qe3+ {[%clk 0:08:08]} 29. Kh1 {[%clk 0:00:34]}  exf5 {[%clk 0:07:50]} 30. Qxf5 {[%clk 0:00:30]}  Nxh3 {[%clk 0:07:42]} 0-1

[Event "Rapid Tournament (RAP)"]
[Site "Biel, CH"]
[Date "2025.07.13"]
[Round "9"]
[White "Gireada, Daniel"]
[Black "Kumbharathi, Vedansh"]
[Result "0-1"]
[Board "16"]
[WhiteFideId "1206451"]
[BlackFideId "30998395"]
[WhiteElo "2255"]
[BlackElo "1931"]
[WhiteTeam "ROU"]
[BlackTeam "USA"]
[WhiteClock "0:01:28"]
[BlackClock "0:11:31"]
[Variant "Standard"]

1. e4 {[%clk 0:15:08]}  c5 {[%clk 0:15:10]} 2. d4 {[%clk 0:15:11]}  cxd4 {[%clk 0:15:12]} 3. c3 {[%clk 0:15:15]}  dxc3 {[%clk 0:15:14]} 4. Nxc3 {[%clk 0:15:18]}  e6 {[%clk 0:15:01]} 5. Bc4 {[%clk 0:15:16]}  Nc6 {[%clk 0:15:04]} 6. Nf3 {[%clk 0:15:18]}  Bb4 {[%clk 0:15:08]} 7. O-O {[%clk 0:15:15]}  Nge7 {[%clk 0:15:10]} 8. e5 {[%clk 0:14:49]}  Ng6 {[%clk 0:15:03]} 9. Qe2 {[%clk 0:13:57]}  O-O {[%clk 0:14:57]} 10. Rd1 {[%clk 0:12:32]}  a6 {[%clk 0:14:45]} 11. Bd3 {[%clk 0:11:01]}  b5 {[%clk 0:14:38]} 12. a3 {[%clk 0:10:45]}  Be7 {[%clk 0:14:32]} 13. Bxg6 {[%clk 0:10:30]}  hxg6 {[%clk 0:14:35]} 14. Ne4 {[%clk 0:10:29]}  Bb7 {[%clk 0:14:30]} 15. b4 {[%clk 0:09:30]}  Rb8 {[%clk 0:14:07]} 16. Bb2 {[%clk 0:09:30]}  Ba8 {[%clk 0:14:07]} 17. Rac1 {[%clk 0:09:06]}  a5 {[%clk 0:13:58]} 18. bxa5 {[%clk 0:08:03]}  Nxa5 {[%clk 0:13:59]} 19. Nd6 {[%clk 0:07:54]}  Bd5 {[%clk 0:13:53]} 20. Nxb5 {[%clk 0:06:50]}  Nc4 {[%clk 0:13:05]} 21. Rxc4 {[%clk 0:06:28]}  Rxb5 {[%clk 0:13:09]} 22. Rcc1 {[%clk 0:04:57]}  Qb8 {[%clk 0:13:00]} 23. Bc3 {[%clk 0:03:40]}  Bxa3 {[%clk 0:13:03]} 24. Ra1 {[%clk 0:03:45]}  Bb2 {[%clk 0:13:00]} 25. Bxb2 {[%clk 0:03:38]}  Rxb2 {[%clk 0:13:04]} 26. Qe3 {[%clk 0:03:28]}  Rb3 {[%clk 0:12:53]} 27. Rd3 {[%clk 0:03:08]}  Rxd3 {[%clk 0:12:56]} 28. Qxd3 {[%clk 0:03:12]}  Bxf3 {[%clk 0:12:59]} 29. Qxf3 {[%clk 0:03:14]}  Qxe5 {[%clk 0:13:03]} 30. Rd1 {[%clk 0:03:09]}  d5 {[%clk 0:13:07]} 31. h3 {[%clk 0:03:13]}  Qf6 {[%clk 0:13:11]} 32. Qa3 {[%clk 0:03:14]}  Rc8 {[%clk 0:13:14]} 33. Qa4 {[%clk 0:03:05]}  Rd8 {[%clk 0:13:16]} 34. Rd3 {[%clk 0:02:51]}  e5 {[%clk 0:13:16]} 35. Qb5 {[%clk 0:02:39]}  d4 {[%clk 0:13:17]} 36. Rf3 {[%clk 0:02:26]}  Qe7 {[%clk 0:13:18]} 37. Qc4 {[%clk 0:02:21]}  e4 {[%clk 0:13:21]} 38. Rb3 {[%clk 0:01:13]}  d3 {[%clk 0:13:23]} 39. Rb1 {[%clk 0:01:18]}  d2 {[%clk 0:13:12]} 40. Qe2 {[%clk 0:01:05]}  Qe5 {[%clk 0:12:58]} 41. Rd1 {[%clk 0:01:06]}  Qf4 {[%clk 0:13:02]} 42. g3 {[%clk 0:01:06]}  Qf5 {[%clk 0:12:53]} 43. Rxd2 {[%clk 0:01:08]}  Rxd2 {[%clk 0:12:57]} 44. Qxd2 {[%clk 0:01:12]}  Qxh3 {[%clk 0:13:01]} 45. Qd5 {[%clk 0:01:12]}  Qf5 {[%clk 0:12:59]} 46. Qd8+ {[%clk 0:01:15]}  Kh7 {[%clk 0:13:03]} 47. Qh4+ {[%clk 0:01:18]}  Qh5 {[%clk 0:13:02]} 48. Qxe4 {[%clk 0:01:21]}  f6 {[%clk 0:13:06]} 49. Kg2 {[%clk 0:01:20]}  Kh6 {[%clk 0:13:06]} 50. Qe3+ {[%clk 0:01:23]}  Qg5 {[%clk 0:13:09]} 51. Qe8 {[%clk 0:01:24]}  Qd5+ {[%clk 0:13:11]} 52. Kh3 {[%clk 0:01:20]}  Qh1+ {[%clk 0:13:00]} 53. Kg4 {[%clk 0:01:23]}  Qh5+ {[%clk 0:11:35]} 54. Kf4 {[%clk 0:01:28]}  g5+ {[%clk 0:11:31]} 0-1

[Event "Rapid Tournament (RAP)"]
[Site "Biel, CH"]
[Date "2025.07.13"]
[Round "9"]
[White "Aryan Goyal"]
[Black "Kappeler, Kaspar"]
[Result "1/2-1/2"]
[Board "17"]
[WhiteFideId "366108825"]
[BlackFideId "1309072"]
[BlackTitle "FM"]
[WhiteElo "1884"]
[BlackElo "2178"]
[WhiteTeam "IND"]
[BlackTeam "SUI"]
[WhiteClock "0:01:13"]
[BlackClock "0:00:05"]
[Variant "Standard"]

1. Nf3 {[%clk 0:15:08]}  d5 {[%clk 0:15:09]} 2. g3 {[%clk 0:15:12]}  c5 {[%clk 0:15:13]} 3. Bg2 {[%clk 0:15:16]}  Nc6 {[%clk 0:15:16]} 4. d4 {[%clk 0:15:13]}  e6 {[%clk 0:15:18]} 5. c4 {[%clk 0:15:16]}  dxc4 {[%clk 0:15:16]} 6. Na3 {[%clk 0:15:19]}  cxd4 {[%clk 0:14:26]} 7. Nxc4 {[%clk 0:15:23]}  Nf6 {[%clk 0:14:16]} 8. O-O {[%clk 0:15:21]}  Be7 {[%clk 0:13:46]} 9. a3 {[%clk 0:15:20]}  O-O {[%clk 0:13:16]} 10. b4 {[%clk 0:15:23]}  Bd7 {[%clk 0:12:24]} 11. Bb2 {[%clk 0:14:53]}  Rc8 {[%clk 0:12:12]} 12. Rc1 {[%clk 0:13:03]}  b5 {[%clk 0:09:41]} 13. Nce5 {[%clk 0:14:10]}  Be8 {[%clk 0:09:24]} 14. Nxc6 {[%clk 0:13:09]}  Bxc6 {[%clk 0:09:27]} 15. Bxd4 {[%clk 0:12:36]}  Bd5 {[%clk 0:08:13]} 16. Bb2 {[%clk 0:11:03]}  Qb6 {[%clk 0:07:49]} 17. Nd4 {[%clk 0:10:34]}  Qb7 {[%clk 0:06:44]} 18. Bxd5 {[%clk 0:10:23]}  Qxd5 {[%clk 0:06:26]} 19. Qb3 {[%clk 0:10:24]}  Qh5 {[%clk 0:06:10]} 20. Nc6 {[%clk 0:05:56]}  Bd8 {[%clk 0:03:31]} 21. Nxd8 {[%clk 0:04:51]}  Rfxd8 {[%clk 0:02:23]} 22. Bxf6 {[%clk 0:04:12]}  gxf6 {[%clk 0:02:26]} 23. Qe3 {[%clk 0:04:14]}  a6 {[%clk 0:00:51]} 24. Rc5 {[%clk 0:03:14]}  Rxc5 {[%clk 0:00:38]} 25. bxc5 {[%clk 0:03:12]}  Rc8 {[%clk 0:00:13]} 26. Rc1 {[%clk 0:03:05]}  Qd5 {[%clk 0:00:10]} 27. Qc3 {[%clk 0:02:26]}  Rc6 {[%clk 0:00:09]} 28. f3 {[%clk 0:01:17]}  Kf8 {[%clk 0:00:06]} 29. e4 {[%clk 0:01:13]}  Kg8 {[%clk 0:00:05]} 1/2-1/2

[Event "Rapid Tournament (RAP)"]
[Site "Biel, CH"]
[Date "2025.07.13"]
[Round "9"]
[White "Ranieri, Pierpaolo"]
[Black "Erne, Raphael"]
[Result "1/2-1/2"]
[Board "18"]
[WhiteFideId "893986"]
[BlackFideId "1341928"]
[WhiteElo "1882"]
[BlackElo "2159"]
[WhiteTeam "ITA"]
[BlackTeam "SUI"]
[WhiteClock "0:06:36"]
[BlackClock "0:00:56"]
[Variant "Standard"]

1. d4 {[%clk 0:15:09]}  d5 {[%clk 0:15:07]} 2. Nf3 {[%clk 0:15:12]}  Nf6 {[%clk 0:15:10]} 3. c4 {[%clk 0:15:15]}  c6 {[%clk 0:15:13]} 4. Nc3 {[%clk 0:15:18]}  dxc4 {[%clk 0:15:15]} 5. e3 {[%clk 0:15:19]}  b5 {[%clk 0:15:17]} 6. a4 {[%clk 0:15:19]}  b4 {[%clk 0:15:20]} 7. Nb1 {[%clk 0:15:17]}  e6 {[%clk 0:14:40]} 8. Bxc4 {[%clk 0:15:17]}  Be7 {[%clk 0:14:27]} 9. O-O {[%clk 0:15:19]}  a5 {[%clk 0:14:23]} 10. b3 {[%clk 0:15:17]}  Ba6 {[%clk 0:14:17]} 11. Nbd2 {[%clk 0:15:20]}  O-O {[%clk 0:14:06]} 12. Bb2 {[%clk 0:15:23]}  Bxc4 {[%clk 0:13:51]} 13. Nxc4 {[%clk 0:15:25]}  Nbd7 {[%clk 0:13:08]} 14. Nfe5 {[%clk 0:15:15]}  Rc8 {[%clk 0:12:19]} 15. Qf3 {[%clk 0:15:05]}  Nxe5 {[%clk 0:08:41]} 16. Nxe5 {[%clk 0:15:05]}  Nd5 {[%clk 0:06:52]} 17. Rac1 {[%clk 0:14:45]}  c5 {[%clk 0:05:45]} 18. Rfd1 {[%clk 0:13:31]}  cxd4 {[%clk 0:05:28]} 19. Nc6 {[%clk 0:13:14]}  Qe8 {[%clk 0:05:26]} 20. Nxe7+ {[%clk 0:13:14]}  Qxe7 {[%clk 0:05:24]} 21. Bxd4 {[%clk 0:13:11]}  Nc3 {[%clk 0:05:04]} 22. Bxc3 {[%clk 0:12:06]}  bxc3 {[%clk 0:05:00]} 23. Qe4 {[%clk 0:11:24]}  Qa3 {[%clk 0:04:28]} 24. Qc2 {[%clk 0:11:11]}  Rc7 {[%clk 0:03:33]} 25. Rd3 {[%clk 0:10:10]}  Rfc8 {[%clk 0:03:30]} 26. h3 {[%clk 0:09:32]}  h6 {[%clk 0:03:31]} 27. Rcd1 {[%clk 0:09:30]}  g6 {[%clk 0:03:05]} 28. Rc1 {[%clk 0:07:10]}  Qb2 {[%clk 0:01:51]} 29. Rdd1 {[%clk 0:06:40]}  Qa3 {[%clk 0:00:56]} 30. Rd3 {[%clk 0:06:36]} 1/2-1/2

[Event "Rapid Tournament (RAP)"]
[Site "Biel, CH"]
[Date "2025.07.13"]
[Round "9"]
[White "Frey,Fabian"]
[Black "Shumilov, Ruslan"]
[Result "1-0"]
[Board "19"]
[WhiteFideId "1336487"]
[BlackFideId "1360183"]
[WhiteElo "2102"]
[BlackElo "1839"]
[WhiteTeam "SUI"]
[BlackTeam "SUI"]
[WhiteClock "0:13:17"]
[BlackClock "0:05:57"]
[Variant "Standard"]

1. d4 {[%clk 0:14:57]}  Nf6 {[%clk 0:15:05]} 2. c4 {[%clk 0:14:59]}  e6 {[%clk 0:15:13]} 3. g3 {[%clk 0:15:03]}  d5 {[%clk 0:15:15]} 4. Bg2 {[%clk 0:15:06]}  c6 {[%clk 0:15:16]} 5. Nf3 {[%clk 0:15:01]}  Nbd7 {[%clk 0:15:13]} 6. Qc2 {[%clk 0:14:50]}  Bd6 {[%clk 0:14:53]} 7. O-O {[%clk 0:14:41]}  O-O {[%clk 0:15:02]} 8. Nbd2 {[%clk 0:14:38]}  Rb8 {[%clk 0:14:54]} 9. e4 {[%clk 0:13:44]}  dxe4 {[%clk 0:13:49]} 10. Nxe4 {[%clk 0:15:04]}  Nxe4 {[%clk 0:13:48]} 11. Qxe4 {[%clk 0:15:07]}  c5 {[%clk 0:13:41]} 12. dxc5 {[%clk 0:14:41]}  Nxc5 {[%clk 0:12:52]} 13. Qc2 {[%clk 0:13:48]}  e5 {[%clk 0:12:18]} 14. b4 {[%clk 0:13:38]}  Ne6 {[%clk 0:12:13]} 15. c5 {[%clk 0:13:13]}  Be7 {[%clk 0:11:46]} 16. Nxe5 {[%clk 0:11:48]}  Bf6 {[%clk 0:10:20]} 17. Bb2 {[%clk 0:11:35]}  Nd4 {[%clk 0:10:12]} 18. Qe4 {[%clk 0:10:09]}  Bxe5 {[%clk 0:10:05]} 19. Qxe5 {[%clk 0:09:01]}  Nf5 {[%clk 0:07:52]} 20. Qxb8 {[%clk 0:14:01]}  Qd2 {[%clk 0:07:43]} 21. Qe5 {[%clk 0:13:47]}  Be6 {[%clk 0:07:39]} 22. Rad1 {[%clk 0:12:36]}  Qh6 {[%clk 0:07:05]} 23. Qc7 {[%clk 0:12:06]}  Bxa2 {[%clk 0:06:48]} 24. Rd8 {[%clk 0:13:26]}  g6 {[%clk 0:06:25]} 25. Rxf8+ {[%clk 0:13:21]}  Qxf8 {[%clk 0:05:57]} 26. Rd1 {[%clk 0:13:17]} 1-0